Humorismo de Antonio Machado en sus apócrifos / (Record no. 45220)

MARC details
000 -LEADER
campo de control de longitud fija 00557nam a2200181 i 4500
001 - NÚMERO DE CONTROL
campo de control 45220
003 - IDENTIFICADOR DE NÚMERO DE CONTROL
campo de control ES-MaACL
005 - FECHA Y HORA DE LA ÚLTIMA TRANSACCIÓN
campo de control 20230906161201.0
007 - CAMPO FIJO DE DESCRIPCIÓN FÍSICA--INFORMACIÓN GENERAL
campo de control de longitud fija t|
008 - DATOS DE LONGITUD FIJA--INFORMACIÓN GENERAL
campo de control de longitud fija 030325s1970 sp f |||| | spa d
100 1# - ENTRADA PRINCIPAL--NOMBRE DE PERSONA
Nombre de persona Cobos, Pablo de A.
9 (RLIN) 39367
245 10 - MENCIÓN DEL TÍTULO
Título Humorismo de Antonio Machado en sus apócrifos /
Mención de responsabilidad, etc. Pablo de A. Cobos.
260 ## - PUBLICACIÓN, DISTRIBUCIÓN, ETC.
Lugar de publicación, distribución, etc. Madrid :
Nombre del editor, distribuidor, etc. Ancosa,
Fecha de publicación, distribución, etc. [1970]
300 ## - DESCRIPCIÓN FÍSICA
Extensión 180 p., 6 lám. ;
Dimensiones 22 cm.
600 14 - PUNTO DE ACCESO ADICIONAL DE MATERIA--NOMBRE DE PERSONA
Nombre de persona Machado, Antonio,
Fechas asociadas al nombre 1875-1939-
Subdivisión general Crítica e interpretación
9 (RLIN) 75154
852 ## - LOCALIZACIÓN
Ubicación ES-MaACL
Número de control de estantería C-38638
Holdings
Estatus retirado Estado de pérdida Estado de daño No para préstamo Biblioteca de origen Biblioteca actual Ubicación en estantería Fecha de adquisición Fuente de adquisición Total de préstamos Signatura topográfica completa Código de barras Visto por última vez Precio de reemplazo Tipo de ítem Koha
        Biblioteca del Ateneo de Madrid Biblioteca del Ateneo de Madrid Depósito 2 17/01/2008     C-38638 1047586 23/02/2023 23/02/2023 Libro impreso